[Event "Hastings Masters"]
[Site "Hastings, England"]
[Date "2015.01.05"
[Round "8.12"]
[White "Talsma, Paul"]
[WhiteElo "2186"]
[Black "Galyas, Miklos"]
[BlackElo "2428"]
[Result "0-1"]

1. d4 {[%clk 1:40:25]} f5 {[%clk 1:40:44]} 2. Nc3 {[%clk 1:40:42]} Nf6
{[%clk 1:41:04]} 3. Bg5 {[%clk 1:40:58]} d5 {[%clk 1:41:19]} 4. f3
{[%clk 1:39:54]} c5 {[%clk 1:40:26]} 5. e4 {[%clk 1:38:01]} Nc6 {[%clk 1:19:14]}
6. Nge2 {[%clk 1:35:06]} dxe4 {[%clk 1:10:59]} 7. d5 {[%clk 1:30:56]} exf3
{[%clk 1:06:43]} 8. gxf3 {[%clk 1:29:04]} Ne5 {[%clk 1:06:32]} 9. Nf4
{[%clk 1:27:14]} a6 {[%clk 1:01:19]} 10. Qe2 {[%clk 1:25:48]} Qd6
{[%clk 1:00:54]} 11. O-O-O {[%clk 1:25:46]} Nf7 {[%clk 1:00:06]} 12. Qg2
{[%clk 1:11:45]} h6 {[%clk 0:57:10]} 13. Ng6 {[%clk 0:55:24]} hxg5
{[%clk 0:54:22]} 14. Nxh8 {[%clk 0:55:47]} Nxh8 {[%clk 0:54:44]} 15. Qxg5
{[%clk 0:53:52]} Bd7 {[%clk 0:53:48]} 16. h4 {[%clk 0:49:14]} O-O-O
{[%clk 0:53:23]} 17. Bh3 {[%clk 0:47:33]} Nf7 {[%clk 0:53:36]} 18. Qg2
{[%clk 0:45:35]} Nh5 {[%clk 0:50:28]} 19. Qf2 {[%clk 0:44:35]} g6
{[%clk 0:49:54]} 20. Rhe1 {[%clk 0:41:37]} Bg7 {[%clk 0:47:13]} 21. Bf1
{[%clk 0:40:32]} Bd4 {[%clk 0:44:16]} 22. Qd2 {[%clk 0:39:26]} Be5
{[%clk 0:42:09]} 23. Kb1 {[%clk 0:38:07]} Bg3 {[%clk 0:42:29]} 24. Re2
{[%clk 0:37:41]} Bxh4 {[%clk 0:42:20]} 25. Rg2 {[%clk 0:36:10]} Nf4
{[%clk 0:41:34]} 26. Rh2 {[%clk 0:35:09]} Bf6 {[%clk 0:41:26]} 27. Qf2
{[%clk 0:34:34]} Bxc3 {[%clk 0:38:14]} 28. bxc3 {[%clk 0:35:02]} Nxd5
{[%clk 0:38:04]} 29. Ka1 {[%clk 0:34:52]} Bc6 {[%clk 0:38:09]} 0-1

[Event "Hastings Masters"]
[Site "Hastings, England"]
[Date "2015.01.05"
[Round "8.13"]
[White "Jackson, James P"]
[WhiteElo "2356"]
[Black "Haussernot, Cecile"]
[BlackElo "2186"]
[Result "1/2-1/2"]

1. e4 {[%clk 1:40:57]} c5 {[%clk 1:17:22]} 2. c3 {[%clk 1:41:19]} d6
{[%clk 1:17:19]} 3. d4 {[%clk 1:41:43]} Nf6 {[%clk 1:17:13]} 4. Bd3
{[%clk 1:42:08]} e5 {[%clk 1:15:37]} 5. dxe5 {[%clk 1:42:22]} dxe5
{[%clk 1:16:03]} 6. Nf3 {[%clk 1:42:48]} Nc6 {[%clk 1:15:16]} 7. O-O
{[%clk 1:42:08]} h6 {[%clk 1:08:02]} 8. Qe2 {[%clk 1:39:44]} Bg4 {[%clk 1:05:33]}
9. Nbd2 {[%clk 1:34:59]} Qd7 {[%clk 1:03:27]} 10. a4 {[%clk 1:31:04]} Be7
{[%clk 0:56:58]} 11. Nc4 {[%clk 1:27:02]} O-O-O {[%clk 0:54:17]} 12. Bc2
{[%clk 1:13:21]} g5 {[%clk 0:50:53]} 13. a5 {[%clk 1:11:48]} Bh5 {[%clk 0:44:34]}
14. Ba4 {[%clk 0:49:43]} Qe6 {[%clk 0:41:19]} 15. a6 {[%clk 0:36:00]} b6
{[%clk 0:35:25]} 16. Bxc6 {[%clk 0:31:51]} Qxc6 {[%clk 0:35:30]} 17. Ncxe5
{[%clk 0:31:50]} Qc7 {[%clk 0:35:16]} 18. Nc4 {[%clk 0:30:22]} g4
{[%clk 0:34:08]} 19. Nh4 {[%clk 0:27:45]} Qxh2+ {[%clk 0:33:44]} 20. Kxh2
{[%clk 0:27:58]} g3+ {[%clk 0:34:10]} 21. Kg1 {[%clk 0:20:44]} Bxe2
{[%clk 0:34:25]} 22. Ne5 {[%clk 0:19:45]} Bxf1 {[%clk 0:31:09]} 23. Kxf1
{[%clk 0:20:10]} Nxe4 {[%clk 0:28:20]} 24. f3 {[%clk 0:16:03]} Rd1+
{[%clk 0:27:45]} 25. Ke2 {[%clk 0:16:28]} Nf2 {[%clk 0:28:10]} 26. Nf5
{[%clk 0:14:53]} Re8 {[%clk 0:26:24]} 27. Ng7 {[%clk 0:10:08]} Rg8
{[%clk 0:15:06]} 28. Nh5 {[%clk 0:04:57]} Bh4 {[%clk 0:12:16]} 29. f4
{[%clk 0:04:06]} f6 {[%clk 0:11:33]} 30. Nc4 {[%clk 0:03:32]} b5 {[%clk 0:07:18]}
31. Ne3 {[%clk 0:03:55]} Rh1 {[%clk 0:05:23]} 32. Nf5 {[%clk 0:03:31]} Re8+
{[%clk 0:05:10]} 33. Be3 {[%clk 0:00:56]} Rxa1 {[%clk 0:04:51]} 34. Nd6+
{[%clk 0:01:24]} Kd7 {[%clk 0:05:06]} 35. Nxe8 {[%clk 0:01:52]} Kxe8
{[%clk 0:05:28]} 36. Ng7+ {[%clk 0:02:17]} Kd7 {[%clk 0:04:34]} 37. Nf5
{[%clk 0:02:43]} Rh1 {[%clk 0:03:43]} 38. Bxc5 {[%clk 0:03:09]} Ke6
{[%clk 0:02:59]} 39. Nd4+ {[%clk 0:02:12]} Kd5 {[%clk 0:02:58]} 40. Bxa7
{[%clk 0:02:38]} f5 {[%clk 0:00:39]} 41. Bc5 {[%clk 0:23:24]} Kxc5
{[%clk 0:42:09]} 42. a7 {[%clk 0:23:50]} Ra1 {[%clk 0:42:32]} 43. Nb3+
{[%clk 0:24:18]} Kb6 {[%clk 0:42:54]} 44. Nxa1 {[%clk 0:24:44]} Kxa7
{[%clk 0:43:19]} 45. Nc2 {[%clk 0:24:59]} Nh3 {[%clk 0:40:15]} 46. Nd4
{[%clk 0:16:15]} Nxf4+ {[%clk 0:39:41]} 47. Kf3 {[%clk 0:16:44]} Nd3
{[%clk 0:38:15]} 48. Ke2 {[%clk 0:08:25]} Nxb2 {[%clk 0:36:42]} 49. Nxb5+
{[%clk 0:08:33]} Kb6 {[%clk 0:36:50]} 50. Nd4 {[%clk 0:07:55]} f4
{[%clk 0:36:48]} 51. Kf3 {[%clk 0:08:05]} Nd3 {[%clk 0:36:47]} 52. Ke4
{[%clk 0:06:59]} Ne1 {[%clk 0:35:52]} 53. Kxf4 {[%clk 0:07:21]} Nxg2+
{[%clk 0:36:14]} 54. Kg4 {[%clk 0:07:44]} h5+ {[%clk 0:35:32]} 55. Kxh5
{[%clk 0:05:27]} Be7 {[%clk 0:28:17]} 56. Kg4 {[%clk 0:05:05]} Bd6
{[%clk 0:27:26]} 57. Nf5 {[%clk 0:05:12]} 1/2-1/2

[Event "Hastings Masters"]
[Site "Hastings, England"]
[Date "2015.01.05"
[Round "8.14"]
[White "Anderson, John"]
[WhiteElo "2180"]
[Black "Ashton, Adam G"]
[BlackElo "2398"]
[Result "1-0"]

1. e4 {[%clk 1:40:59]} c5 {[%clk 1:39:46]} 2. Nf3 {[%clk 1:40:49]} e6
{[%clk 1:40:08]} 3. Nc3 {[%clk 1:41:13]} a6 {[%clk 1:39:55]} 4. d4
{[%clk 1:41:33]} cxd4 {[%clk 1:40:12]} 5. Nxd4 {[%clk 1:42:01]} Qc7
{[%clk 1:38:58]} 6. g3 {[%clk 1:39:17]} Bb4 {[%clk 1:34:41]} 7. Nde2
{[%clk 1:35:13]} Nf6 {[%clk 1:27:08]} 8. Bg2 {[%clk 1:35:13]} Nc6
{[%clk 1:23:50]} 9. O-O {[%clk 1:35:28]} Be7 {[%clk 1:21:22]} 10. h3
{[%clk 1:34:29]} O-O {[%clk 1:19:15]} 11. Be3 {[%clk 1:33:33]} b5
{[%clk 1:12:59]} 12. a3 {[%clk 1:28:53]} Bb7 {[%clk 1:09:37]} 13. f4
{[%clk 1:29:00]} b4 {[%clk 1:05:36]} 14. axb4 {[%clk 1:26:58]} Nxb4
{[%clk 1:04:33]} 15. Nd4 {[%clk 1:06:43]} d5 {[%clk 1:02:50]} 16. e5
{[%clk 1:06:37]} Ne4 {[%clk 0:54:06]} 17. Nce2 {[%clk 1:01:22]} a5
{[%clk 0:44:42]} 18. c3 {[%clk 0:59:59]} Nc6 {[%clk 0:40:08]} 19. Kh2
{[%clk 0:43:42]} g6 {[%clk 0:36:10]} 20. g4 {[%clk 0:42:48]} Rab8
{[%clk 0:25:45]} 21. Qc2 {[%clk 0:30:35]} Nxd4 {[%clk 0:23:23]} 22. Nxd4
{[%clk 0:30:14]} Ba6 {[%clk 0:23:15]} 23. Rfd1 {[%clk 0:26:29]} Rb7
{[%clk 0:20:51]} 24. Bxe4 {[%clk 0:26:26]} dxe4 {[%clk 0:21:15]} 25. Qf2
{[%clk 0:26:45]} Rfb8 {[%clk 0:20:12]} 26. Rd2 {[%clk 0:27:09]} Bf8
{[%clk 0:18:08]} 27. h4 {[%clk 0:25:29]} Bd3 {[%clk 0:15:16]} 28. Kg2
{[%clk 0:17:54]} Bg7 {[%clk 0:13:47]} 29. g5 {[%clk 0:17:21]} h5 {[%clk 0:11:49]}
30. gxh6 {[%clk 0:16:09]} Bxh6 {[%clk 0:12:18]} 31. h5 {[%clk 0:16:22]} gxh5
{[%clk 0:08:55]} 32. Rh1 {[%clk 0:16:29]} Bg7 {[%clk 0:02:25]} 33. Rxh5
{[%clk 0:16:51]} a4 {[%clk 0:02:06]} 34. Qg3 {[%clk 0:13:10]} Rxb2
{[%clk 0:00:58]} 35. Rg5 {[%clk 0:13:16]} Rxd2+ {[%clk 0:00:53]} 36. Bxd2
{[%clk 0:13:38]} Rb2 {[%clk 0:00:57]} 37. Rxg7+ {[%clk 0:14:01]} Kf8
{[%clk 0:01:26]} 38. Nxe6+ {[%clk 0:13:53]} 1-0

[Event "Hastings Masters"]
[Site "Hastings, England"]
[Date "2015.01.05"
[Round "8.15"]
[White "Bates, Richard A"]
[WhiteElo "2349"]
[Black "Snape, Ian L"]
[BlackElo "2162"]
[Result "1-0"]

1. d4 {[%clk 1:38:59]} Nf6 {[%clk 1:40:30]} 2. Nf3 {[%clk 1:38:36]} c5
{[%clk 1:40:32]} 3. d5 {[%clk 1:37:55]} e6 {[%clk 1:40:22]} 4. c4
{[%clk 1:37:54]} exd5 {[%clk 1:40:47]} 5. cxd5 {[%clk 1:38:14]} d6
{[%clk 1:41:12]} 6. e4 {[%clk 1:38:09]} g6 {[%clk 1:41:12]} 7. h3
{[%clk 1:36:00]} Bg7 {[%clk 1:41:27]} 8. Bd3 {[%clk 1:36:07]} O-O
{[%clk 1:41:40]} 9. O-O {[%clk 1:35:57]} b5 {[%clk 1:41:25]} 10. Re1
{[%clk 1:26:56]} c4 {[%clk 1:40:36]} 11. Bc2 {[%clk 1:27:15]} Re8
{[%clk 1:38:01]} 12. Nbd2 {[%clk 1:25:18]} Qc7 {[%clk 1:35:59]} 13. Nf1
{[%clk 1:22:33]} Bb7 {[%clk 1:34:59]} 14. Nd4 {[%clk 1:07:08]} a6
{[%clk 1:34:13]} 15. Ng3 {[%clk 1:07:25]} Nbd7 {[%clk 1:26:27]} 16. Be3
{[%clk 0:55:28]} h5 {[%clk 1:19:09]} 17. Bg5 {[%clk 0:44:53]} Qc5
{[%clk 1:05:02]} 18. Be3 {[%clk 0:35:25]} Qc7 {[%clk 1:00:15]} 19. Nf3
{[%clk 0:35:50]} Nc5 {[%clk 0:58:00]} 20. Bd4 {[%clk 0:35:05]} b4
{[%clk 0:51:54]} 21. Qd2 {[%clk 0:29:20]} a5 {[%clk 0:48:34]} 22. Rad1
{[%clk 0:24:49]} b3 {[%clk 0:46:03]} 23. axb3 {[%clk 0:24:32]} Nxb3
{[%clk 0:46:16]} 24. Bxb3 {[%clk 0:24:16]} cxb3 {[%clk 0:46:40]} 25. Rc1
{[%clk 0:21:05]} Qd7 {[%clk 0:41:51]} 26. Qf4 {[%clk 0:19:26]} Nh7
{[%clk 0:41:09]} 27. Bxg7 {[%clk 0:17:27]} Kxg7 {[%clk 0:41:34]} 28. Nd4
{[%clk 0:17:05]} Kh8 {[%clk 0:40:17]} 29. Nxb3 {[%clk 0:15:08]} a4
{[%clk 0:37:24]} 30. Nd4 {[%clk 0:15:11]} a3 {[%clk 0:35:29]} 31. bxa3
{[%clk 0:15:16]} Rxa3 {[%clk 0:35:52]} 32. e5 {[%clk 0:11:15]} dxe5
{[%clk 0:33:36]} 33. Rxe5 {[%clk 0:11:37]} Bxd5 {[%clk 0:32:28]} 34. Rc7
{[%clk 0:10:11]} Qd8 {[%clk 0:32:29]} 35. Nc6 {[%clk 0:09:29]} 1-0

[Event "Hastings Masters"]
[Site "Hastings, England"]
[Date "2015.01.05"
[Round "8.16"]
[White "Sedgwick, David"]
[WhiteElo "1995"]
[Black "Jaunooby, Ali R"]
[BlackElo "2175"]
[Result "0-1"]

1. e4 c5 2. Bc4 e6 3. Qe2 Nc6 4. d3 b5 5. Bb3 Nd4 6. Qd1 d5 7. c4 bxc4 8. Ba4+
Bd7 9. Bxd7+ Qxd7 10. Nf3 cxd3 11. Qxd3 Nf6 12. e5 Nxf3+ 13. Qxf3 Ne4 14. Nd2 f5
15. Nxe4 fxe4 16. Qg3 Qb5 17. a4 Qa6 18. Bg5 Rb8 19. Qc3 h6 20. Bd2 Be7 21. Qg3
Kf7 22. Qf4+ Kg8 23. b4 Bg5 24. Qg3 Bxd2+ 25. Kxd2 Rxb4 26. Rhb1 Rd4+ 27. Ke1 Kh7
28. Rb5 Rf8 29. Rab1 Rf7 30. h4 h5 31. Qg5 Rf5 32. Qe7 e3 33. fxe3 Rxa4 34. Qxc5
Rxh4 35. Qc2 Re4 36. R1b3 Qa1+ 37. Qb1 Qxe5 38. Qc1 Qg3+ 0-1

[Event "Hastings Masters"]
[Site "Hastings, England"]
[Date "2015.01.05"
[Round "8.17"]
[White "Bellin, Robert"]
[WhiteElo "2338"]
[Black "Rayner, Francis"]
[BlackElo "2148"]
[Result "1-0"]

1. Nf3 {[%clk 1:40:55]} c5 {[%clk 1:38:40]} 2. c4 {[%clk 1:40:38]} Nc6
{[%clk 1:37:11]} 3. g3 {[%clk 1:39:29]} g6 {[%clk 1:35:30]} 4. Bg2
{[%clk 1:39:52]} Bg7 {[%clk 1:35:53]} 5. O-O {[%clk 1:40:06]} e6 {[%clk 1:35:50]}
6. Nc3 {[%clk 1:37:36]} Nge7 {[%clk 1:34:37]} 7. d3 {[%clk 1:32:00]} O-O
{[%clk 1:31:55]} 8. Bd2 {[%clk 1:28:03]} h6 {[%clk 1:28:10]} 9. a3
{[%clk 1:22:13]} b6 {[%clk 1:16:42]} 10. Rb1 {[%clk 1:19:44]} d5 {[%clk 1:04:29]}
11. b4 {[%clk 1:16:18]} cxb4 {[%clk 1:03:29]} 12. axb4 {[%clk 1:16:41]} dxc4
{[%clk 1:03:20]} 13. dxc4 {[%clk 1:17:01]} Bb7 {[%clk 1:01:33]} 14. Qc1
{[%clk 1:03:50]} Kh7 {[%clk 0:57:27]} 15. Rd1 {[%clk 1:02:24]} Qc8
{[%clk 0:55:40]} 16. Nb5 {[%clk 0:31:45]} Rd8 {[%clk 0:43:27]} 17. Bc3
{[%clk 0:31:14]} Rxd1+ {[%clk 0:42:31]} 18. Qxd1 {[%clk 0:29:54]} Bxc3
{[%clk 0:42:45]} 19. Nxc3 {[%clk 0:30:21]} Qh8 {[%clk 0:39:49]} 20. Qb3
{[%clk 0:26:14]} Rd8 {[%clk 0:37:47]} 21. Qa3 {[%clk 0:24:51]} Nf5
{[%clk 0:33:30]} 22. c5 {[%clk 0:18:42]} bxc5 {[%clk 0:32:13]} 23. b5
{[%clk 0:18:54]} Nce7 {[%clk 0:28:43]} 24. Rc1 {[%clk 0:15:07]} Nc8
{[%clk 0:17:10]} 25. Qxc5 {[%clk 0:14:38]} Bxf3 {[%clk 0:13:52]} 26. Bxf3
{[%clk 0:14:49]} Nb6 {[%clk 0:12:30]} 27. e3 {[%clk 0:14:02]} Rc8
{[%clk 0:10:43]} 28. Bc6 {[%clk 0:14:25]} Qf6 {[%clk 0:10:14]} 29. Rd1
{[%clk 0:11:48]} Qe7 {[%clk 0:09:12]} 30. Qe5 {[%clk 0:09:57]} Nc4
{[%clk 0:09:19]} 31. Qe4 {[%clk 0:10:00]} Ncd6 {[%clk 0:08:21]} 32. Qa4
{[%clk 0:08:30]} Rc7 {[%clk 0:06:22]} 33. e4 {[%clk 0:08:23]} Ng7
{[%clk 0:06:28]} 34. e5 {[%clk 0:08:38]} Nc8 {[%clk 0:06:44]} 35. Ne4
{[%clk 0:09:00]} Nb6 {[%clk 0:06:27]} 36. Qd4 {[%clk 0:09:23]} Nf5
{[%clk 0:05:50]} 37. Qd3 {[%clk 0:09:36]} Rc8 {[%clk 0:03:35]} 38. g4
{[%clk 0:08:45]} Nh4 {[%clk 0:03:28]} 39. f4 {[%clk 0:02:23]} Kg7
{[%clk 0:03:30]} 40. Kf2 {[%clk 0:00:35]} g5 {[%clk 0:01:54]} 41. Qd6
{[%clk 0:35:20]} Qc7 {[%clk 0:48:22]} 42. f5 {[%clk 0:27:29]} Nc4
{[%clk 0:42:41]} 43. Qxc7 {[%clk 0:27:35]} Rxc7 {[%clk 0:43:10]} 44. Nd6
{[%clk 0:27:57]} Nxd6 {[%clk 0:40:51]} 45. exd6 {[%clk 0:27:55]} Rc8
{[%clk 0:41:09]} 46. fxe6 {[%clk 0:28:10]} fxe6 {[%clk 0:41:36]} 47. Ra1
{[%clk 0:28:34]} Ng6 {[%clk 0:39:09]} 48. Rxa7+ {[%clk 0:28:48]} Kf6
{[%clk 0:39:31]} 49. Rh7 {[%clk 0:24:05]} Ne5 {[%clk 0:37:52]} 50. Rxh6+
{[%clk 0:20:50]} Kf7 {[%clk 0:37:18]} 51. Rh7+ {[%clk 0:11:38]} Kf6
{[%clk 0:37:19]} 52. h3 {[%clk 0:11:07]} Rd8 {[%clk 0:36:07]} 53. d7
{[%clk 0:10:35]} Nf7 {[%clk 0:30:59]} 54. h4 {[%clk 0:07:23]} gxh4
{[%clk 0:29:49]} 55. Rxh4 {[%clk 0:07:45]} Ne5 {[%clk 0:28:39]} 56. Rh6+
{[%clk 0:05:38]} Ke7 {[%clk 0:26:26]} 57. Rh7+ {[%clk 0:05:12]} Kd6
{[%clk 0:25:45]} 58. g5 {[%clk 0:05:19]} Rg8 {[%clk 0:20:15]} 59. Rg7
{[%clk 0:04:17]} Rf8+ {[%clk 0:17:52]} 60. Kg3 {[%clk 0:04:38]} Kc7
{[%clk 0:12:57]} 61. Re7 {[%clk 0:01:22]} Rg8 {[%clk 0:12:11]} 62. Re8
{[%clk 0:13:56]} Rxg5+ {[%clk 0:27:01]} 63. Kh4 {[%clk 0:12:42]} Nxc6
{[%clk 0:24:59]} 64. bxc6 {[%clk 0:12:58]} 1-0

[Event "Hastings Masters"]
[Site "Hastings, England"]
[Date "2015.01.05"
[Round "8.18"]
[White "Longson, Alexander"]
[WhiteElo "2339"]
[Black "Reinwald, Patrick"]
[BlackElo "2144"]
[Result "1-0"]

1. d4 Nf6 2. c4 e6 3. g3 Bb4+ 4. Bd2 Qe7 5. Nf3 Nc6 6. Nc3 Bxc3 7. Bxc3 Ne4 8.
Rc1 O-O 9. Bg2 d6 10. d5 Nxc3 11. Rxc3 Nd8 12. O-O e5 13. Nd2 b6 14. f4 a5 15. f5
f6 16. Ne4 Nb7 17. g4 Nc5 18. Rg3 Nxe4 19. Bxe4 Ba6 20. Qc2 Rfb8 21. Rc3 h6 22.
Kf2 Qd7 23. h4 g5 24. fxg6 Qxg4 25. Rg3 Qf4+ 26. Kg2 f5 27. Rxf4 1-0

[Event "Hastings Masters"]
[Site "Hastings, England"]
[Date "2015.01.05"
[Round "8.19"]
[White "Kirk, Ezra"]
[WhiteElo "2308"]
[Black "Mann, Johannes"]
[BlackElo "2080"]
[Result "1-0"]

1. d4 {[%clk 1:37:30]} d5 {[%clk 1:40:49]} 2. c4 {[%clk 1:37:46]} c6
{[%clk 1:41:13]} 3. Nf3 {[%clk 1:38:02]} Nf6 {[%clk 1:41:36]} 4. Nc3
{[%clk 1:38:23]} a6 5. e3 {[%clk 1:38:16]} b5 {[%clk 1:42:10]} 6. c5
{[%clk 1:38:37]} Bf5 {[%clk 1:35:27]} 7. Ne5 {[%clk 1:29:46]} Qc7
{[%clk 1:32:09]} 8. g4 {[%clk 1:23:01]} Be6 {[%clk 1:26:51]} 9. f4
{[%clk 1:14:16]} g6 {[%clk 1:27:10]} 10. Bd3 {[%clk 1:08:01]} Qc8
{[%clk 1:23:20]} 11. Rg1 {[%clk 0:57:56]} Nfd7 {[%clk 1:16:13]} 12. Nf3
{[%clk 0:48:55]} Nf6 {[%clk 1:11:17]} 13. Ne5 {[%clk 0:49:00]} Nfd7
{[%clk 1:11:29]} 14. Bd2 {[%clk 0:41:36]} Nxe5 {[%clk 1:10:24]} 15. fxe5
{[%clk 0:34:00]} Bg7 {[%clk 1:09:42]} 16. Qe2 {[%clk 0:32:14]} f6
{[%clk 1:00:33]} 17. exf6 {[%clk 0:32:17]} Bxf6 {[%clk 1:00:46]} 18. O-O-O
{[%clk 0:32:07]} O-O {[%clk 0:59:55]} 19. h4 {[%clk 0:25:42]} Bf7
{[%clk 0:54:27]} 20. h5 {[%clk 0:22:28]} e5 {[%clk 0:44:01]} 21. hxg6
{[%clk 0:22:16]} Bxg6 {[%clk 0:44:18]} 22. Bxg6 {[%clk 0:21:19]} hxg6
{[%clk 0:44:41]} 23. Qh2 {[%clk 0:18:56]} Qe6 {[%clk 0:40:42]} 24. Rh1
{[%clk 0:18:03]} Ra7 {[%clk 0:39:44]} 25. g5 {[%clk 0:17:49]} Bg7
{[%clk 0:39:49]} 26. Qh7+ {[%clk 0:16:55]} Kf7 {[%clk 0:40:13]} 27. Rdf1+
{[%clk 0:17:02]} Ke8 {[%clk 0:40:31]} 28. e4 {[%clk 0:06:29]} Re7
{[%clk 0:29:40]} 29. Rxf8+ {[%clk 0:04:37]} Kxf8 {[%clk 0:24:42]} 30. Qh2
{[%clk 0:04:45]} Nd7 31. exd5 cxd5 {[%clk 0:24:14]} 32. Qg2 {[%clk 0:04:29]} e4
{[%clk 0:16:36]} 33. Ne2 {[%clk 0:04:44]} Rf7 {[%clk 0:14:34]} 34. Bf4
{[%clk 0:04:22]} Ke8 {[%clk 0:13:28]} 35. Kb1 {[%clk 0:04:09]} Qf5
{[%clk 0:11:55]} 36. Qg3 {[%clk 0:03:11]} Nf8 {[%clk 0:11:39]} 37. Be3
{[%clk 0:01:52]} Ne6 {[%clk 0:09:38]} 38. Qb8+ {[%clk 0:01:40]} Kd7
{[%clk 0:04:04]} 39. c6+ {[%clk 0:01:47]} Kxc6 {[%clk 0:02:41]} 40. Rc1+
{[%clk 0:02:03]} Kd7 {[%clk 0:03:00]} 41. Rc8 {[%clk 0:31:27]} Qf1+
{[%clk 0:43:15]} 42. Bc1 {[%clk 0:30:48]} Bxd4 {[%clk 0:34:11]} 43. Qb7+
{[%clk 0:30:31]} Kd6 {[%clk 0:34:00]} 44. Rc6+ {[%clk 0:30:49]} Ke5
{[%clk 0:34:15]} 45. Qb8+ {[%clk 0:31:09]} Rc7 {[%clk 0:32:12]} 46. Rxc7
{[%clk 0:31:18]} Qxe2 {[%clk 0:32:17]} 47. Rf7+ {[%clk 0:31:05]} 1-0